[Event "309th YMCA Autumn D"]
[Site "Warsaw"]
[Date "2025.11.04"]
[Round "7"]
[White "Moszczynski-Petkowski, Rafal"]
[Black "Chojnacki, Grzegorz"]
[Result "0-1"]
[WhiteElo "1426"]
[BlackElo "1447"]
[PlyCount "84"]
[EventDate "2025.09.23"]
[EventRounds "1"]
[EventCountry "POL"]
[SourceDate "2025.10.01"]

1. Nf3 d5 2. e3 c5 3. c4 d4 4. Qc2 Nc6 5. a3 dxe3 6. dxe3 Nf6 7. Bd3 e5 8. Nbd2
h6 9. O-O Bd6 10. b3 O-O 11. Bb2 b6 12. Rad1 Qc7 13. Ne4 Nxe4 14. Bxe4 Be6 15.
Bxc6 Qxc6 16. Nxe5 Qc7 17. Qc3 f6 18. Nf3 Bg4 19. h3 Bxf3 20. gxf3 Bh2+ 21. Kg2
Be5 22. Qc2 Qc6 23. Bxe5 fxe5 24. Qe4 Qf6 25. Rd5 Rae8 26. Rfd1 Re6 27. Rd7
Qg6+ 28. Qxg6 Rxg6+ 29. Kh2 Rxf3 30. R1d2 Rg5 31. h4 Rg4 32. Rxa7 Rxh4+ 33. Kg2
e4 34. Rdd7 Rg4+ 35. Kf1 h5 36. Rd5 h4 37. Rh5 h3 38. Ra8+ Kf7 39. Rah8 Rg2 40.
Rxh3 Rfxf2+ 41. Ke1 Ra2 42. Kf1 Rgb2 0-1

[Event "309th YMCA Autumn D"]
[Site "Warsaw"]
[Date "2025.11.11"]
[Round "7"]
[White "Martin, Aisha"]
[Black "Matyszkiewicz, Radoslaw"]
[Result "1-0"]
[WhiteElo "1469"]
[BlackElo "1550"]
[PlyCount "109"]
[EventDate "2025.09.23"]
[EventRounds "1"]
[EventCountry "POL"]
[SourceDate "2025.10.01"]

1. d4 Nf6 2. c4 g6 3. Nc3 Bg7 4. e4 d6 5. h3 Nbd7 6. Bd3 O-O 7. Nge2 e5 8. Be3
a5 9. Qd2 c6 10. O-O-O exd4 11. Nxd4 Nc5 12. Bc2 Bd7 13. Rhe1 b5 14. cxb5 cxb5
15. Ndxb5 Ncxe4 16. Nxe4 Bxb5 17. Nxf6+ Qxf6 18. Bd4 Qxd4 19. Qxd4 Bxd4 20.
Rxd4 Rfd8 21. Kb1 a4 22. Red1 Ra6 23. Bd3 Bxd3+ 24. R1xd3 Kf8 25. Kc1 Ke7 26.
Re3+ Kf6 27. Rf4+ Kg7 28. Re7 Rf8 29. Rd7 a3 30. b3 Kg8 31. Rf6 Ra5 32. Rfxd6
Raa8 33. Rd4 Rfe8 34. f3 Re2 35. Rd8+ Rxd8 36. Rxd8+ Kg7 37. Rd2 Re5 38. Kc2
Rc5+ 39. Kd3 Kf6 40. Kd4 Rc7 41. Re2 Kf5 42. b4 Kf4 43. b5 Kf5 44. b6 Rc8 45.
b7 Rb8 46. Re5+ Kf6 47. Rb5 Ke6 48. Kc3 Kd6 49. Kb3 Kc6 50. Rb4 Rxb7 51. Rxb7
Kxb7 52. Kxa3 g5 53. Kb4 f5 54. Kc5 h5 55. Kd5 1-0

[Event "309th YMCA Autumn D"]
[Site "Warsaw"]
[Date "2025.11.05"]
[Round "7"]
[White "Florczak, Witold"]
[Black "Dzierzko, Marcin"]
[Result "0-1"]
[WhiteElo "1449"]
[BlackElo "1563"]
[PlyCount "58"]
[EventDate "2025.09.23"]
[EventRounds "1"]
[EventCountry "POL"]
[SourceDate "2025.10.01"]

1. e4 c5 2. c3 Nf6 3. e5 Nd5 4. d4 cxd4 5. cxd4 e6 6. Nf3 d6 7. Bb5+ Bd7 8.
Bxd7+ Nxd7 9. O-O dxe5 10. dxe5 Be7 11. Nbd2 O-O 12. Ne4 Nc5 13. Neg5 h6 14.
Nh3 Rc8 15. Nd4 Qd7 16. Qg4 Kh7 17. b4 f5 18. Qh5 Nxb4 19. Nf3 Qe8 20. Qxe8
Rfxe8 21. Nd4 Nc6 22. Nb5 Nxe5 23. Bf4 Ned3 24. Nxa7 Ra8 25. Nb5 Bf6 26. Nc7
Bxa1 27. Nxe8 Nxf4 28. Nxf4 Be5 29. Nc7 Bxc7 0-1

[Event "309th YMCA Autumn D"]
[Site "Warsaw"]
[Date "2025.11.14"]
[Round "7"]
[White "Golebiowski, Sebastian"]
[Black "Przybylik, Mariusz"]
[Result "0-1"]
[WhiteElo "1447"]
[BlackElo "1534"]
[PlyCount "83"]
[EventDate "2025.09.23"]
[EventRounds "1"]
[EventCountry "POL"]
[SourceDate "2025.10.01"]

1. d4 d5 2. c4 e6 3. Nf3 Nf6 4. Bg5 Be7 5. e3 O-O 6. Be2 dxc4 7. Bxc4 c5 8. O-O
cxd4 9. exd4 Nbd7 10. Nc3 h6 11. Bc1 Nb6 12. Bb3 Bd7 13. Bc2 Nbd5 14. Qd3 Nb4
15. Qd2 Nxc2 16. Qxc2 Bc6 17. Be3 Bxf3 18. gxf3 Rc8 19. Qd2 Nd5 20. Kh1 Bg5 21.
Rg1 Bxe3 22. fxe3 Nxc3 23. bxc3 Qc7 24. Rac1 Kh8 25. e4 $11 Qa5 26. Rc2 Rc7 27.
Qg2 Rg8 28. Qd2 Rc4 29. Rb1 b5 30. Rb4 Rgc8 31. Rxc4 Rxc4 32. Qc1 Qc7 33. a3 a5
34. Qb2 b4 35. axb4 axb4 36. Kg2 Rxc3 37. Rd2 b3 38. Rf2 Qc4 39. Qa3 Rc2 40.
Qf8+ Kh7 41. Qxf7 Rxf2+ 42. Kxf2 0-1

[Event "309th YMCA Autumn D"]
[Site "Warsaw"]
[Date "2025.11.11"]
[Round "8"]
[White "Sloniewski, Wojciech"]
[Black "Dabrowski, Leszek"]
[Result "0-1"]
[WhiteElo "1462"]
[BlackElo "1479"]
[PlyCount "34"]
[EventDate "2025.09.23"]
[EventRounds "1"]
[EventCountry "POL"]
[SourceDate "2025.10.01"]

1. e4 d5 2. exd5 Nf6 3. d4 Nxd5 4. Nf3 Bf5 5. Bd3 Bg4 6. O-O Nc6 7. c3 e6 8. a3
Bd6 9. c4 Bxf3 10. Qxf3 Nxd4 11. Qg4 Nf6 12. Qxg7 Rg8 13. Qh6 Nf3+ 14. Kh1 Nxh2
15. Re1 Nhg4 16. Qh4 Bc5 17. Bxh7 Rh8 0-1

[Event "309th YMCA Autumn D"]
[Site "Warsaw"]
[Date "2025.11.12"]
[Round "8"]
[White "Dzierzko, Marcin"]
[Black "Golebiowski, Sebastian"]
[Result "1/2-1/2"]
[WhiteElo "1563"]
[BlackElo "1447"]
[PlyCount "87"]
[EventDate "2025.09.23"]
[EventRounds "1"]
[EventCountry "POL"]
[SourceDate "2025.10.01"]

1. e4 c6 2. d4 d5 3. exd5 cxd5 4. c4 Nf6 5. Nc3 Bf5 6. Qb3 b6 7. cxd5 g6 8. h3
Bg7 9. g4 Be4 10. Nxe4 Nxe4 11. d6 Qxd6 12. Bg2 f5 13. Ne2 Nc6 14. Bf4 Qb4+ 15.
Qxb4 Nxb4 16. Bxe4 fxe4 17. O-O Rf8 18. Be3 Rf3 19. Rac1 Nd5 20. Nc3 Nxc3 21.
bxc3 Rxh3 22. Kg2 Rf3 23. Rh1 h5 24. gxh5 gxh5 25. Rxh5 Kf7 26. Rh4 Rh8 27.
Rf4+ Rxf4 28. Bxf4 Ke6 29. Be3 Rc8 30. Kf1 Kd5 31. Ke2 b5 32. Kd2 a6 33. Rh1
Rh8 34. Rg1 Bf6 35. Rb1 Rc8 36. Rh1 Rh8 37. Rb1 e5 38. dxe5 Bxe5 39. Rg1 Rc8
40. Rc1 Rc4 41. Rc2 Ra4 42. Bg5 Kc4 43. Be7 Bg7 44. Bd6 1/2-1/2

[Event "309th YMCA Autumn D"]
[Site "Warsaw"]
[Date "2025.11.12"]
[Round "8"]
[White "Matyszkiewicz, Radoslaw"]
[Black "Florczak, Witold"]
[Result "1-0"]
[WhiteElo "1550"]
[BlackElo "1449"]
[PlyCount "93"]
[EventDate "2025.09.23"]
[EventRounds "1"]
[EventCountry "POL"]
[SourceDate "2025.10.01"]

1. e4 c6 2. d4 d5 3. exd5 cxd5 4. Bd3 Nc6 5. c3 Nf6 6. h3 g6 7. Nf3 Bf5 8. Bxf5
gxf5 9. Bf4 Nh5 10. Bh2 Rg8 11. Nh4 Nf6 12. Nxf5 Rxg2 13. Bg3 Ne4 14. Qf3 Nxg3
15. Nxg3 Rxg3 16. fxg3 Qa5 17. O-O O-O-O 18. Qxf7 h6 19. Nd2 Qc7 20. Rf3 Qb6
21. Nb3 Ne5 22. Qf5+ Nd7 23. Nc5 Qd6 24. Qe6 Bg7 25. Qxd6 exd6 26. Ne6 Rg8 27.
Nxg7 Rxg7 28. Raf1 Kc7 29. Kg2 Re7 30. g4 Kc6 31. Rf7 Re2+ 32. R1f2 Re1 33. Rh7
Nb6 34. Rff7 Re2+ 35. Kf3 Rxb2 36. Rc7+ Kb5 37. a4+ Nxa4 38. Rxb7+ Nb6 39. Rxa7
Rc2 40. Rac7 Nc4 41. Rb7+ Ka6 42. Kg3 Rxc3+ 43. Kh4 Rd3 44. Rbd7 Rxd4 45. Rxh6
Re4 46. Rdxd6+ Nxd6 47. Rxd6+ 1-0

[Event "309th YMCA Autumn D"]
[Site "Warsaw"]
[Date "2025.11.12"]
[Round "8"]
[White "Chojnacki, Grzegorz"]
[Black "Martin, Aisha"]
[Result "0-1"]
[WhiteElo "1447"]
[BlackElo "1469"]
[PlyCount "78"]
[EventDate "2025.09.23"]
[EventRounds "1"]
[EventCountry "POL"]
[SourceDate "2025.10.01"]

1. Nc3 c5 2. e4 d6 3. Nf3 Nf6 4. d4 cxd4 5. Nxd4 a6 6. Bd3 b5 7. Bd2 Bb7 8. f3
Nbd7 9. a4 Qb6 10. Nf5 e6 11. Be3 Qc7 12. Ng3 b4 13. Nce2 Ne5 14. b3 Nxd3+ 15.
cxd3 a5 16. Rc1 Qd7 17. Bb6 Rc8 18. Bxa5 Be7 19. Bxb4 O-O 20. O-O Ba6 21. Kh1
Qb7 22. Ba3 Nd7 23. d4 Qb6 24. e5 Rxc1 25. Bxc1 dxe5 26. Re1 Rd8 27. Be3 Nc5
28. b4 Nd3 29. b5 exd4 30. Qxd3 dxe3 31. Qb1 Bb7 32. Nc3 Qd4 33. Qb3 Rc8 34.
Nge2 Qh4 35. Qb1 Bd6 36. h3 Bxf3 37. gxf3 Qxh3+ 38. Kg1 Qh2+ 39. Kf1 Qf2# 0-1

[Event "309th YMCA Autumn D"]
[Site "Warsaw"]
[Date "2025.11.18"]
[Round "9"]
[White "Moszczynski-Petkowski, Rafal"]
[Black "Sloniewski, Wojciech"]
[Result "1-0"]
[WhiteElo "1426"]
[BlackElo "1462"]
[PlyCount "85"]
[EventDate "2025.09.23"]
[EventRounds "1"]
[EventCountry "POL"]
[SourceDate "2025.10.01"]

1. Nf3 d5 2. c4 c6 3. e3 Nf6 4. Nc3 Bf5 5. b3 e6 6. Bb2 Nbd7 7. d4 c5 8. cxd5
exd5 9. dxc5 Nxc5 10. Bb5+ Ncd7 11. O-O Qb6 12. Nd4 Bg4 13. f3 Be6 14. Rc1 Bc5
15. Na4 Bxd4 16. Nxb6 Bxe3+ 17. Kh1 Bxc1 18. Nxa8 Bxb2 19. Qc2 O-O 20. Qxb2
Rxa8 21. Bxd7 Nxd7 22. Rc1 b6 23. b4 h6 24. h3 a5 25. a3 a4 26. Rc7 Rb8 27. Qc2
Ne5 28. Qxa4 d4 29. b5 Rd8 30. Ra7 d3 31. Ra8 Bc8 32. Qd1 d2 33. Rxc8 Rxc8 34.
Qxd2 Nc4 35. Qd7 Rc5 36. a4 g6 37. Qd8+ Kh7 38. Qf8 Rc7 39. Qd8 Rc5 40. Kh2 g5
41. Qf6 Rc7 42. Kg3 Rd7 43. Qf5+ 1-0

[Event "309th YMCA Autumn D"]
[Site "Warsaw"]
[Date "2025.11.28"]
[Round "9"]
[White "Florczak, Witold"]
[Black "Chojnacki, Grzegorz"]
[Result "1-0"]
[WhiteElo "1449"]
[BlackElo "1447"]
[PlyCount "59"]
[EventDate "2025.09.23"]
[EventRounds "1"]
[EventCountry "POL"]
[SourceDate "2025.10.01"]

1. e4 e6 2. d4 d5 3. Nc3 dxe4 4. Nxe4 Bd7 5. Nf3 Bc6 6. Bd3 Nd7 7. O-O Ngf6 8.
Re1 Bxe4 9. Bxe4 Nxe4 10. Rxe4 Nf6 11. Re1 h6 12. c4 Be7 13. b4 c6 14. a3 g5
15. Bb2 Rg8 16. Qa4 Kf8 17. Rad1 g4 18. Ne5 h5 19. Bc1 Rh8 20. Bb2 h4 21. d5
cxd5 22. cxd5 exd5 23. Nxg4 Rh5 24. Re5 Rxe5 25. Nxe5 Ne4 26. Nd7+ Kg8 27. Rxd5
Nd6 28. Rh5 f6 29. Qb3+ Kg7 30. Nc5 1-0

[Event "309th YMCA Autumn D"]
[Site "Warsaw"]
[Date "2025.11.18"]
[Round "9"]
[White "Golebiowski, Sebastian"]
[Black "Matyszkiewicz, Radoslaw"]
[Result "0-1"]
[WhiteElo "1447"]
[BlackElo "1550"]
[PlyCount "31"]
[EventDate "2025.09.23"]
[EventRounds "1"]
[EventCountry "POL"]
[SourceDate "2025.10.01"]

1. d4 Nf6 2. c4 g6 3. Nc3 Bg7 4. e4 d6 5. Bg5 O-O 6. Be2 Nbd7 7. h4 h6 8. Be3
e5 9. d5 Nc5 10. Bf3 a5 11. Qd2 Kh7 12. h5 g5 13. Nge2 g4 14. Ng3 gxf3 15. gxf3
Rg8 16. f4 0-1

[Event "309th YMCA Autumn D"]
[Site "Warsaw"]
[Date "2025.11.18"]
[Round "9"]
[White "Dabrowski, Leszek"]
[Black "Przybylik, Mariusz"]
[Result "0-1"]
[WhiteElo "1479"]
[BlackElo "1534"]
[PlyCount "154"]
[EventDate "2025.09.23"]
[EventRounds "1"]
[EventCountry "POL"]
[SourceDate "2025.10.01"]

1. e4 c5 2. Nf3 Nc6 3. b4 cxb4 4. d4 d5 5. exd5 Qxd5 6. c4 bxc3 7. Nxc3 Qa5 8.
Rb1 e6 9. Bd2 Bb4 10. Rxb4 Qxb4 11. d5 Nce7 12. Qc2 Nf6 13. Nb5 Qe4+ 14. Qxe4
Nxe4 15. Nc7+ Kd7 16. Nxa8 Nxd2 17. Kxd2 Nxd5 18. Bc4 Kd6 19. Bxd5 exd5 20. Rc1
Bf5 21. Nc7 a6 22. Nd4 Bg6 23. g4 Ke5 24. Ke3 Kd6 25. h4 h6 26. Nb3 f5 27. Na5
fxg4 28. Nxb7+ Ke5 29. h5 d4+ 30. Kd2 Be4 31. Rc5+ Kf4 32. Nd6 Bb1 33. Ne6+ Kf3
34. Ke1 d3 35. Rf5+ Kg2 36. Ra5 Rb8 37. Nc4 Rc8 38. Ne3+ Kg1 39. Rc5 Rb8 40.
Ra5 Rb2 41. Nd4 Rxf2 42. Rf5 d2+ 43. Kd1 Bxf5 44. Ndxf5 Rf3 45. Kxd2 Rf2+ 46.
Kd3 Rxa2 47. Nxg4 Ra5 48. Nge3 Kf2 49. Ke4 Ra4+ 50. Ke5 Ra3 51. Ng4+ Kf3 52.
Nh2+ Kg2 53. Ng4 Ra5+ 54. Ke6 Ra4 55. Ne5 Re4 56. Nxg7 Rh4 57. Kf5 a5 58. Kg6
a4 59. Nd3 a3 60. Nc1 Rh1 61. Na2 Ra1 62. Nb4 Rb1 63. Na2 Rb2 64. Nc1 Rc2 65.
Nb3 Rb2 66. Nc1 Rb6+ 67. Kh7 Ra6 68. Na2 Kf3 69. Nf5 Kg4 70. Nxh6+ Kxh5 71. Nf5
Ra7+ 72. Kg8 Kg6 73. Nh4+ Kf6 74. Kh8 Rb7 75. Kg8 Rb8+ 76. Kh7 Rb2 77. Nc3 Rh2
0-1

[Event "309th YMCA Autumn D"]
[Site "Warsaw"]
[Date "2025.11.25"]
[Round "10"]
[White "Sloniewski, Wojciech"]
[Black "Przybylik, Mariusz"]
[Result "1/2-1/2"]
[WhiteElo "1462"]
[BlackElo "1534"]
[PlyCount "118"]
[EventDate "2025.09.23"]
[EventRounds "1"]
[EventCountry "POL"]
[SourceDate "2025.10.01"]

1. e4 c5 2. Nc3 Nc6 3. f4 d6 4. Nf3 Nf6 5. Bc4 e6 6. d3 Be7 7. O-O d5 8. exd5
exd5 9. Bb3 O-O 10. Re1 d4 11. Ne2 Bg4 12. Rf1 Bd6 13. Ng5 h6 14. Nxf7 Rxf7 15.
h3 Bxe2 16. Qxe2 Qe8 17. Qxe8+ Rxe8 18. g4 Ne7 19. Re1 Kf8 20. Bxf7 Kxf7 21.
Bd2 Nfd5 22. f5 Bf4 23. Bxf4 Nxf4 24. Kh2 Nfd5 25. Re5 b6 26. Rae1 Nb4 27. R1e2
Nxa2 28. h4 Nb4 29. g5 Nbc6 30. Re6 hxg5 31. hxg5 Rc8 32. g6+ Kf8 33. f6 Nxg6
34. fxg7+ Kxg7 35. Rg2 Rh8+ 36. Kg1 Nb4 37. Rexg6+ Kf7 38. Rg7+ Ke6 39. Rxa7
Kd5 40. Rg5+ Kc6 41. Rg6+ Kb5 42. Rb7 Nd5 43. c4+ dxc3 44. bxc3 Nxc3 45. Rgxb6+
Ka5 46. Rb2 Rh6 47. R7b3 Na4 48. Ra2 Rh4 49. Kg2 c4 50. dxc4 Rxc4 51. Re2 Nc5
52. Re5 Ka4 53. Rb1 Rc2+ 54. Kf3 Rc3+ 55. Ke2 Rb3 56. Ra1+ Kb4 57. Ra8 Rb2+ 58.
Kd1 Kc4 59. Rc8 Rb5 1/2-1/2

[Event "309th YMCA Autumn D"]
[Site "Warsaw"]
[Date "2025.11.26"]
[Round "10"]
[White "Dzierzko, Marcin"]
[Black "Dabrowski, Leszek"]
[Result "1/2-1/2"]
[WhiteElo "1563"]
[BlackElo "1479"]
[PlyCount "119"]
[EventDate "2025.09.23"]
[EventRounds "1"]
[EventCountry "POL"]
[SourceDate "2025.10.01"]

1. e4 d5 2. exd5 Nf6 3. d4 Nxd5 4. Bc4 Nc6 5. Nc3 Nf6 6. Be3 Bf5 7. Nf3 e6 8.
O-O a6 9. Bb3 Bd6 10. d5 exd5 11. Nxd5 Be4 12. Bg5 Bxd5 13. Bxd5 O-O 14. Bc4
Ne5 15. Nxe5 Bxe5 16. Qxd8 Raxd8 17. c3 h6 18. Bxf6 Bxf6 19. Rad1 Rfe8 20. h3
b5 21. Bb3 c5 22. Rxd8 Rxd8 23. Rd1 c4 24. Rxd8+ Bxd8 25. Bd1 a5 26. Bf3 Bf6
27. Bc6 b4 28. Bd5 bxc3 29. bxc3 Bxc3 30. Bxc4 Kf8 $11 31. Kf1 Ke7 32. Ke2 f6
33. Kd3 Be1 34. f3 Kd6 35. Ke4 g6 36. g4 Ke7 37. a4 Bf2 38. Kd5 Bg3 39. Bd3 g5
40. Bg6 Be1 41. Ke4 Bd2 42. Kf5 Bc3 43. Bh5 Kd6 44. Bf7 Bd4 45. Bb3 Bc3 46. Bc2
Bd4 47. Be4 Bc3 48. Kg6 Ke5 49. Kh5 Be1 50. Kxh6 Kf4 51. Kg6 Bc3 52. Bc6 Kg3
53. Kf5 Kxh3 54. f4 gxf4 55. Kxf4 Kh4 56. Kf5 Bd4 57. Bd7 Bc3 58. Ke4 Kg5 59.
Bf5 Bb4 60. Kd4 $11 1/2-1/2

[Event "309th YMCA Autumn D"]
[Site "Warsaw"]
[Date "2025.11.25"]
[Round "10"]
[White "Chojnacki, Grzegorz"]
[Black "Golebiowski, Sebastian"]
[Result "0-1"]
[WhiteElo "1447"]
[BlackElo "1447"]
[PlyCount "98"]
[EventDate "2025.09.23"]
[EventRounds "1"]
[EventCountry "POL"]
[SourceDate "2025.10.01"]

1. e4 c6 2. d4 d5 3. Bd3 dxe4 4. Bxe4 Nf6 5. Nc3 Nxe4 6. Nxe4 Bf5 7. Ng3 e6 8.
Nf3 Bg4 9. c3 Qd5 10. Bf4 Bxf3 11. Qxf3 Qxf3 12. gxf3 Nd7 13. Rg1 g6 14. Ne4
Be7 15. Be5 f6 16. Nd6+ Bxd6 17. Bxd6 Kf7 18. f4 Rhe8 19. Kd2 Nb6 20. Kd3 Red8
21. Bc7 Rd5 22. c4 Rh5 23. Rg2 Nc8 24. Ba5 Ne7 25. f3 Nf5 26. Bc3 Rd8 27. Rh1
c5 28. d5 exd5 29. cxd5 Nh4 30. Rf2 Rhxd5+ 31. Kc2 Rd3 32. Rhf1 b5 33. Rd2
Rxd2+ 34. Bxd2 c4 35. Bb4 Rd7 36. Rf2 Nf5 37. Rd2 Ne3+ 38. Kc1 Rxd2 39. Bxd2
Nf1 40. h3 Nxd2 41. Kxd2 Ke6 42. Ke3 Kf5 43. a3 a5 44. Kd4 Kxf4 45. Kc5 Kxf3
46. Kxb5 Kg3 47. Kxc4 f5 48. b4 axb4 49. axb4 f4 0-1

[Event "309th YMCA Autumn D"]
[Site "Warsaw"]
[Date "2025.11.26"]
[Round "10"]
[White "Moszczynski-Petkowski, Rafal"]
[Black "Martin, Aisha"]
[Result "0-1"]
[WhiteElo "1426"]
[BlackElo "1469"]
[PlyCount "32"]
[EventDate "2025.09.23"]
[EventRounds "1"]
[EventCountry "POL"]
[SourceDate "2025.10.01"]

1. Nf3 Nf6 2. d4 g6 3. e3 Bg7 4. c4 d5 5. Nc3 O-O 6. b3 c5 7. Bd3 Nc6 8. O-O
dxc4 9. Bxc4 Bg4 10. Be2 cxd4 11. Nxd4 Nxd4 12. exd4 Bxe2 13. Nxe2 Qb6 14. Bb2
Rfd8 15. Qd3 e5 16. Qe4 Nxe4 0-1

[Event "309th YMCA Autumn D"]
[Site "Warsaw"]
[Date "2025.12.03"]
[Round "11"]
[White "Martin, Aisha"]
[Black "Sloniewski, Wojciech"]
[Result "0-1"]
[WhiteElo "1469"]
[BlackElo "1462"]
[PlyCount "94"]
[EventDate "2025.09.23"]
[EventRounds "1"]
[EventCountry "POL"]
[SourceDate "2025.10.01"]

1. d4 d5 2. c4 c6 3. Nc3 dxc4 4. e3 b5 5. a4 Qa5 6. Bd2 Qb6 7. axb5 cxb5 8. b3
b4 9. Nd5 Qb7 10. Bxc4 e6 11. Qf3 a5 12. Nc7+ Qxc7 13. Qxa8 Bb7 14. Qa7 Kd8 15.
d5 exd5 16. Qd4 Nf6 17. Nf3 Bd6 18. Bb5 Bc5 19. Qd3 Nc6 20. O-O Ne5 21. Nxe5
Qxe5 22. Rxa5 Ng4 23. f4 Bxe3+ 24. Bxe3 Qxe3+ 25. Qxe3 Nxe3 26. Rfa1 Kc7 27.
Ba6 Bc6 28. Re1 Nc2 29. Rc1 Nd4 30. Rxd5 Nxb3 31. Rc4 Kb6 32. Rd6 Na5 33.
Rcxc6+ Nxc6 34. Be2 Kc5 35. Rd1 Kb6 36. Rb1 Ka5 37. Ra1+ Kb6 38. Rb1 Rb8 39.
Kf2 Kc5 40. Ke3 b3 41. Bf3 Na5 42. Kd3 Kb4 43. Kd2 Rc8 44. Bd1 Nc4+ 45. Ke1 b2
46. Be2 Kc3 47. Bf3 Na3 0-1

[Event "309th YMCA Autumn D"]
[Site "Warsaw"]
[Date "2025.11.19"]
[Round "11"]
[White "Florczak, Witold"]
[Black "Moszczynski-Petkowski, Rafal"]
[Result "0-1"]
[WhiteElo "1449"]
[BlackElo "1426"]
[PlyCount "66"]
[EventDate "2025.09.23"]
[EventRounds "1"]
[EventCountry "POL"]
[SourceDate "2025.10.01"]

1. e4 c6 2. d4 d5 3. exd5 cxd5 4. Bd3 Nc6 5. c3 e5 6. dxe5 Nxe5 7. Bb5+ Nc6 8.
h3 Nf6 9. Nf3 a6 10. Bxc6+ bxc6 11. O-O Be7 12. Ne5 Bb7 13. Be3 O-O 14. c4 Qc7
15. Qd4 c5 16. Qc3 d4 17. Bxd4 cxd4 18. Qxd4 Rfd8 19. Qc3 Ne4 20. Qb3 Rab8 21.
Nf3 Rd7 22. Qc2 Rbd8 23. Nc3 Nxc3 24. Qxc3 Bf6 25. Qa3 Rd3 26. Qa4 h6 27. Ne1
Rd2 28. Rb1 Qc6 29. Qxc6 Bxc6 30. Nf3 Rxb2 31. Rxb2 Bxb2 32. Rb1 Ba3 33. Rb6
Rd1+ 0-1

[Event "309th YMCA Autumn D"]
[Site "Warsaw"]
[Date "2025.12.02"]
[Round "11"]
[White "Dabrowski, Leszek"]
[Black "Matyszkiewicz, Radoslaw"]
[Result "0-1"]
[WhiteElo "1479"]
[BlackElo "1550"]
[PlyCount "84"]
[EventDate "2025.09.23"]
[EventRounds "1"]
[EventCountry "POL"]
[SourceDate "2025.10.01"]

1. e4 c5 2. Nc3 Nc6 3. f4 d6 4. Nf3 g6 5. Bc4 Bg7 6. d3 Nf6 7. a3 O-O 8. O-O a6
9. Qe1 Ng4 10. h3 Nf6 11. f5 gxf5 12. Qh4 Ne5 13. Nxe5 dxe5 14. Bh6 Qd4+ 15.
Kh1 Bxh6 16. Qxh6 f4 17. g3 Qd7 18. Kg2 Qd6 19. Qh4 fxg3 20. Rf3 Kh8 21. Nd5
Nxd5 22. Bxd5 Be6 23. c4 Rg8 24. Raf1 Rg7 25. Rxg3 Rxg3+ 26. Kxg3 Bxd5 27. cxd5
Rg8+ 28. Kh2 Qg6 29. Qf2 f6 30. Rg1 Qxg1+ 31. Qxg1 Rxg1 32. Kxg1 b5 33. b3 Kg7
34. Kf2 Kg6 35. Kf3 f5 36. Kg3 f4+ 37. Kg4 h5+ 38. Kh4 Kh6 39. a4 bxa4 40. bxa4
a5 41. d4 exd4 42. e5 d3 0-1

[Event "309th YMCA Autumn D"]
[Site "Warsaw"]
[Date "2025.12.03"]
[Round "11"]
[White "Przybylik, Mariusz"]
[Black "Dzierzko, Marcin"]
[Result "1/2-1/2"]
[WhiteElo "1534"]
[BlackElo "1563"]
[PlyCount "82"]
[EventDate "2025.09.23"]
[EventRounds "1"]
[EventCountry "POL"]
[SourceDate "2025.10.01"]

1. d4 Nf6 2. Nf3 d5 3. Bf4 Bf5 4. e3 e6 5. Bd3 Bxd3 6. Qxd3 Bd6 7. Bxd6 Qxd6 8.
O-O O-O 9. Nbd2 Nc6 10. c4 e5 11. dxe5 Nxe5 12. Nxe5 Qxe5 13. b3 Rad8 14. Nf3
Qe7 15. Rfd1 Rd7 16. cxd5 Rxd5 17. Qe2 Rfd8 18. Rxd5 Nxd5 19. Qc4 Nb6 20. Qc2
h6 21. h3 Qd6 22. Rc1 c6 23. Nd4 Nd5 24. Qc5 Qxc5 25. Rxc5 Nb4 26. a3 Nd3 27.
Rc3 Ne5 28. b4 a6 29. Kf1 Kf8 30. Ke2 Ke7 31. f4 Ng6 32. Nf5+ Kf6 $11 33. g4
Ne7 34. Nxe7 Kxe7 35. Rd3 Rc8 36. e4 c5 37. bxc5 Rxc5 38. Ke3 Rc1 39. Kd4 Kd6
40. e5+ Kc6 41. f5 Rc2 $11 1/2-1/2

[Event "309th YMCA Autumn-D pff"]
[Site "Warsaw"]
[Date "2025.12.10"]
[Round "12"]
[White "Matyszkiewicz, Radoslaw"]
[Black "Martin, Aisha"]
[Result "1/2-1/2"]
[WhiteElo "1558"]
[BlackElo "1645"]
[PlyCount "57"]
[EventDate "2025.09.23"]
[EventRounds "2"]
[EventCountry "POL"]
[SourceDate "2025.12.04"]

1. e4 c5 2. Nf3 d6 3. d4 cxd4 4. Nxd4 Nf6 5. Nc3 a6 6. Bg5 e6 7. f4 Be7 8. Qf3
Qc7 9. O-O-O b5 10. g4 h6 11. Bh4 Bb7 12. Bxf6 Bxf6 13. Bg2 Bxd4 14. Rxd4 Nc6
15. Rd2 Rc8 16. Qe2 O-O 17. h4 Nb4 18. a3 Nc6 19. g5 b4 20. axb4 Nxb4 21. gxh6
Qa5 22. Qg4 g6 23. h5 Rxc3 24. Kd1 Re3 25. Rxd6 Qc5 26. Rd2 Qa5 27. Rd6 Qc5 28.
Rd2 Qa5 29. Rd6 1/2-1/2

[Event "309th YMCA Autumn-D pff"]
[Site "Warsaw"]
[Date "2025.12.09"]
[Round "12"]
[White "Chojnacki, Grzegorz"]
[Black "Moszczynski-Petkowski, Rafal"]
[Result "1/2-1/2"]
[WhiteElo "1478"]
[BlackElo "1436"]
[PlyCount "139"]
[EventDate "2025.09.23"]
[EventRounds "2"]
[EventCountry "POL"]
[SourceDate "2025.12.04"]

1. Nc3 d5 2. e4 dxe4 3. Nxe4 Nf6 4. Nxf6+ exf6 5. d4 Bd6 6. Nf3 O-O 7. Be3 Bg4
8. h3 Bh5 9. Bd3 Nc6 10. Be4 Qd7 11. Qd3 Bg6 12. Bxg6 hxg6 13. c3 Rfe8 14. O-O
Ne7 15. Nd2 Nd5 16. Nc4 Re6 17. Bd2 Bf4 18. Bxf4 Nxf4 19. Qf3 Nd5 20. Rfe1 Rae8
21. Ne3 c6 22. Nc2 Qc7 23. Kf1 Qb6 24. Rxe6 Rxe6 25. Rb1 Qb5+ 26. Kg1 Qa4 27.
Na3 Qa6 28. Rc1 Qe2 29. Qxe2 Rxe2 30. Rc2 Re1+ 31. Kh2 Kf8 32. g3 Ke7 33. Kg2
Kd6 34. Nc4+ Kc7 35. Kf3 b5 36. Ne3 Kd6 37. Ng2 Re7 38. a3 Nb6 39. b3 a5 40.
Ne3 a4 41. b4 Nd5 42. c4 Nxe3 43. fxe3 Rb7 44. e4 Re7 45. cxb5 cxb5 46. Rc5 Rc7
47. Ke3 Rxc5 48. bxc5+ Kc6 49. Kd3 f5 50. exf5 gxf5 51. Kc3 g5 52. h4 f4 53.
gxf4 gxf4 54. h5 b4+ 55. Kxb4 f3 56. h6 f2 57. h7 f1=Q 58. h8=Q Qb5+ 59. Kc3
Qb3+ 60. Kd2 Qb2+ 61. Kd1 Qb3+ 62. Ke2 Qe6+ 63. Kd3 Qb3+ 64. Ke4 Qc2+ 65. Kf3
Qd3+ 66. Kf4 Qd2+ 67. Kf3 Qd3+ 68. Kf4 Qf1+ 69. Ke3 Qg1+ 70. Kf3 1/2-1/2

[Event "309th YMCA Autumn-D pff"]
[Site "Warsaw"]
[Date "2025.12.17"]
[Round "13"]
[White "Florczak, Witold"]
[Black "Matyszkiewicz, Radoslaw"]
[Result "1/2-1/2"]
[WhiteElo "1464"]
[BlackElo "1558"]
[PlyCount "100"]
[EventDate "2025.09.23"]
[EventRounds "2"]
[EventCountry "POL"]
[SourceDate "2025.12.04"]

1. e4 c5 2. c3 Nf6 3. e5 Nd5 4. d4 cxd4 5. cxd4 d6 6. Bc4 Nb6 7. Bd3 Nc6 8. Nf3
Bg4 9. h3 Bh5 10. g4 Bg6 11. O-O Bxd3 12. Qxd3 dxe5 13. Be3 Qd5 14. Qd1 O-O-O
15. Nc3 Qd7 16. Nxe5 Nxe5 17. dxe5 Qe6 18. Qb3 g6 19. Qxe6+ fxe6 20. Ne4 Bg7
21. Ng5 Rd5 22. Nxe6 Bxe5 23. Nf4 Rd6 24. Rac1+ Kb8 25. b3 Nd5 26. Nxd5 Rxd5
27. Rc2 Rhd8 28. Rfc1 Rd1+ 29. Kg2 Rxc1 30. Rxc1 b6 31. Kf3 Rd7 32. Ke4 Bf6 33.
f4 h6 34. Rc4 Rc7 35. Rxc7 Kxc7 36. Kd5 Kd7 37. a4 e6+ 38. Ke4 Kc6 39. b4 a6
40. g5 hxg5 41. fxg5 Bg7 42. Bd4 Bxd4 43. Kxd4 b5 44. a5 Kd6 45. Ke4 e5 46. Kf3
Ke6 47. Ke4 Kd6 48. Kf3 Ke6 49. Kg4 Kf7 50. Kf3 Ke6 $11 1/2-1/2